000 00579nam a22001937a 4500
005 20161205172945.0
010 _aENG-116746
020 _a9788184846263
_c680.00
035 _aEN-100278
037 _bDBAD/PUB
082 _a333.911
100 _aSahoo,Rajan Kumar
245 _aWater resource management and development /
_cby Ranjan Kumar Sahoo
260 _aNew Delhi
_bRegal Publications
_c2017
270 _aF-159 Rajouri Garden
_bNew Delhi
_e110027
300 _axvi,140p.
_c23cm(Hb)
500 _aIncludes index
942 _2ddc
_cEN
_h333.911
_mSAH
999 _c104973
_d104973